Central Library OPAC University of Rajshahi

পুতুলনাচের ইতিকথা / (Record no. 76272)

MARC details
000 -LEADER
fixed length control field 00761nam a22002177a 4500
001 - CONTROL NUMBER
control field 76272
003 - CONTROL NUMBER IDENTIFIER
rucl marc code BD-RjUL
005 - DATE AND TIME OF LATEST TRANSACTION
control field 20211209082822.0
008 - FIXED-LENGTH DATA ELEMENTS--GENERAL INFORMATION
fixed length control field 191118s2012 bg ||||| |||| 00| f ben d
020 ## - INTERNATIONAL STANDARD BOOK NUMBER
International Standard Book Number 9848005420
035 ## - SYSTEM CONTROL NUMBER
System control number (BD-RjUL)76493
040 ## - CATALOGING SOURCE
Original cataloging agency BD-RjUL
Language of cataloging eng
Transcribing agency BD-RjUL
041 ## - LANGUAGE CODE
Language code of text/sound track or separate title eng
082 ## - DEWEY DECIMAL CLASSIFICATION NUMBER
Edition number 23
Classification number 891.443
Author mark and year BAP 2016
100 ## - MAIN ENTRY--PERSONAL NAME
Personal name বন্দ্যোপাধ্যায়, মানিক
9 (RLIN) 235021
245 ## - TITLE STATEMENT
Title পুতুলনাচের ইতিকথা /
Statement of responsibility, etc. মানিক বন্দ্যোপাধ্যায়
260 ## - PUBLICATION, DISTRIBUTION, ETC. (IMPRINT)
Place of publication, distribution, etc. ঢাকা :
Name of publisher, distributor, etc. আফসার ব্রাদার্স,
Date of publication, distribution, etc. ২০১৬
300 ## - PHYSICAL DESCRIPTION
Pagination ১৫৮ পৃ. ;
Size ২২ সেমি.
650 ## - SUBJECT ADDED ENTRY--TOPICAL TERM
Topical term or geographic name as entry element Bengali fiction
9 (RLIN) 235022
942 ## - ADDED ENTRY ELEMENTS (KOHA)
Source of classification or shelving scheme Dewey Decimal Classification
Koha item type Books
Holdings
Lost status Source of classification or shelving scheme Damaged status Not for loan Permanent Location Current Location Shelving location Date acquired Source of acquisition Cost, normal purchase price Total Checkouts Full call number Date last seen Copy number Koha item type Checked out Date checked out
  Dewey Decimal Classification   Not For Loan Central Library, University of Rajshahi Central Library, University of Rajshahi Reading Room 03/11/2019 Vidyasagar, Rajshahi 0.00   B 891.443 BAP 2016 19/11/2019 C-1 Books    
  Dewey Decimal Classification     Central Library, University of Rajshahi Central Library, University of Rajshahi   03/11/2019 Vidyasagar, Rajshahi 0.00 26 B 891.443 BAP 2016 07/05/2026 C-2 Books 08/06/2026 07/05/2026